000
00324nam a2200133Ia 4500
005
20260326100032.0
008
260326s9999||||xx |||||||||||||| ||und||
100
_a
Folguera, Francisco
245
0
_a
Cubiertas colgantes /
_c
Francisco Folguera
260
_b
Labor
300
_a
170 p.
650
_a
CONSTRUCCIÓN
942
_c
BK
999
_c
6652
_d
6652